[Event "Superliga 2011 W"]
[Site "Brasov"]
[Date "2011.10.13"]
[Round "6.3"]
[White "Vasilescu, Maria"]
[Black "Bulmaga, Irina"]
[Result "0-1"]
[WhiteElo "1814"]
[BlackElo "2304"]
[PlyCount "66"]
[EventDate "2011.10.08"]

1. e4 c5 2. Nc3 d6 3. g3 Nc6 4. Bg2 g6 5. f4 Bg7 6. Nf3 Nf6 7. d3 O-O 8. O-O
Rb8 9. h3 b5 10. g4 b4 11. Ne2 Nd7 12. Ng3 Ba6 13. f5 Nde5 14. Ng5 h6 15. Nf3
Nxf3+ 16. Qxf3 c4 17. f6 exf6 18. dxc4 Ne5 19. Qf2 Bxc4 20. Rd1 Qc7 21. Be3 a5
22. Qd2 Rfd8 23. Bxh6 d5 24. Bxg7 Kxg7 25. Qf2 d4 26. Ne2 Bxe2 27. Qxe2 Nc4 28.
Qf2 Qe5 29. b3 Ne3 30. Rd2 Rbc8 31. Re1 Rc3 32. Bf1 Nxc2 33. Rxc2 Rxc2 0-1

[Event "Superliga 2011 W"]
[Site "Brasov"]
[Date "2011.10.13"]
[Round "6.3"]
[White "Padurariu, Ioana-Smaranda"]
[Black "Dumitrescu, Madalina-Alexandra"]
[Result "1-0"]
[WhiteElo "2211"]
[BlackElo "1660"]
[PlyCount "79"]
[EventDate "2011.10.08"]

1. e4 e5 2. Nf3 Nc6 3. Bb5 d6 4. d4 Bd7 5. Nc3 Nf6 6. O-O Be7 7. Bxc6 Bxc6 8.
Qd3 exd4 9. Nxd4 Qd7 10. b4 a6 11. a4 O-O 12. Bb2 Qg4 13. f3 Qg6 14. Nf5 Rfe8
15. b5 Bd7 16. Nxe7+ Rxe7 17. Ne2 Nh5 18. Kh1 Qg5 19. b6 cxb6 20. Qxd6 Qc5 21.
Qd2 Rc8 22. Ba3 Qxc2 23. Qxc2 Rxc2 24. Bxe7 Rxe2 25. Rfd1 Be8 26. Rd8 f6 27.
Bd6 Kf7 28. g4 Bc6 29. gxh5 Rf2 30. Ra3 Rd2 31. Bc7 Rb2 32. Rad3 Rb4 33. a5
bxa5 34. Bxa5 Rb1+ 35. Kg2 Rb2+ 36. Kg3 g6 37. h6 b5 38. Rc3 Be8 39. Rc7+ Ke6
40. Rxh7 1-0

[Event "Superliga 2011 W"]
[Site "Brasov/Rumania"]
[Date "2011.10.13"]
[Round "6.4"]
[White "Muzychuk, Anna"]
[Black "Cramling, Pia"]
[Result "1/2-1/2"]
[WhiteElo "2545"]
[BlackElo "2489"]
[PlyCount "61"]
[EventDate "2011.??.??"]
[TimeControl "40/5400+30:1800+30"]

1. e4 c5 2. Nf3 e6 3. d4 cxd4 4. Nxd4 Nc6 5. Nc3 Qc7 6. Be3 Nf6 7. f4 Bb4 8.
Ndb5 Qa5 9. e5 Nd5 10. Bd2 Nxc3 11. Bxc3 O-O 12. Qd2 Bxc3 13. Nxc3 f6 14. exf6
Rxf6 15. O-O-O d5 16. Kb1 Rb8 17. Bd3 b5 18. Rhe1 b4 19. Ne2 Qc5 20. Ng1 Bd7
21. Nf3 a5 22. g3 a4 23. Qe3 Qa5 24. Ne5 Nxe5 25. Qxe5 Rc8 26. Qd6 Rf7 27. f5
Rc6 28. Qb8+ Rc8 29. Qd6 Rc6 30. Qb8+ Rc8 31. Qd6 1/2-1/2

[Event "Superliga 2011 W"]
[Site "Brasov/Rumania"]
[Date "2011.10.13"]
[Round "6.4"]
[White "Foisor, Cristina-Adela"]
[Black "Peptan, Corina-Isabela"]
[Result "1-0"]
[WhiteElo "2416"]
[BlackElo "2421"]
[PlyCount "135"]
[EventDate "2011.??.??"]
[TimeControl "40/5400+30:1800+30"]

1. g3 c5 2. Bg2 g6 3. c4 Bg7 4. Nc3 Nc6 5. d3 Nh6 6. e4 d6 7. Nge2 Bd7 8. O-O
Qc8 9. Nd5 O-O 10. Rb1 Bh3 11. a3 Bxg2 12. Kxg2 e6 13. Ne3 Nd4 14. Nxd4 cxd4
15. Nc2 d5 16. cxd5 exd5 17. Nb4 dxe4 18. Bxh6 Bxh6 19. Nd5 Qd8 20. dxe4 Bg7
21. Qb3 Qd7 22. Rbc1 Rac8 23. Rfd1 Rfe8 24. f3 Kh8 25. Qd3 h5 26. b4 Rxc1 27.
Rxc1 Rc8 28. Rc4 Rxc4 29. Qxc4 Kg8 30. b5 h4 31. gxh4 Qd8 32. Qc8 Qxc8 33. Ne7+
Kf8 34. Nxc8 d3 35. Kf1 Be5 36. Nxa7 Bd4 37. Nc8 Bc5 38. a4 Ke8 39. e5 Kd7 40.
Nd6 Bxd6 41. exd6 b6 42. Ke1 Kxd6 43. Kd2 Kc5 44. Kxd3 Kb4 45. f4 Kxa4 46. Kc4
f5 47. h3 Ka5 48. Kd5 Kxb5 49. Ke6 Kc6 50. Kf6 b5 51. Kxg6 b4 52. h5 b3 53. h6
b2 54. h7 b1=Q 55. h8=Q Qg1+ 56. Kh6 Qb1 57. Qf6+ Kc7 58. h4 Qe1 59. h5 Qe4 60.
Kg5 Qg2+ 61. Kxf5 Kd7 62. Qd4+ Kc8 63. Qc5+ Kd7 64. Qb5+ Kc7 65. Kf6 Qf3 66.
Qe5+ Kd7 67. Qf5+ Kd8 68. Kg6 1-0

[Event "Superliga 2011 W"]
[Site "Brasov/Rumania"]
[Date "2011.10.13"]
[Round "6.4"]
[White "Anusca, Madalina-Maria"]
[Black "Uta, Adeline-Ramona"]
[Result "0-1"]
[WhiteElo "2070"]
[BlackElo "2085"]
[PlyCount "80"]
[EventDate "2011.??.??"]
[TimeControl "40/5400+30:1800+30"]

1. d4 Nf6 2. Nf3 g6 3. g3 Bg7 4. Bg2 O-O 5. O-O c6 6. c4 d5 7. cxd5 cxd5 8. Nc3
Ne4 9. Bf4 Nxc3 10. bxc3 Nc6 11. Nd2 b6 12. e4 dxe4 13. Nxe4 Bb7 14. Rc1 Na5
15. Qa4 Rc8 16. Rfd1 Rc4 17. Qa3 Qd7 18. Rd3 Ra4 19. Qb2 Bd5 20. Ra1 Rc8 21.
Rdd1 Qc6 22. Qc2 Rc4 23. f3 f5 24. Ng5 h6 25. Nh3 Rxc3 26. Qe2 Bxf3 27. Bxf3
Qxf3 28. Qxf3 Rxf3 29. Rd2 Nc4 30. Rc1 b5 31. a4 a6 32. axb5 axb5 33. Rdd1 Rd8
34. d5 g5 35. Bc7 Rd7 36. Bb8 Rb7 37. d6 Rxb8 38. dxe7 Re8 39. Rd8 Kf7 40. Rcd1
Rxe7 0-1

[Event "Superliga 2011 W"]
[Site "Brasov"]
[Date "2011.10.13"]
[Round "6.5"]
[White "Cosma, Elena-Luminita"]
[Black "Petrenko, Svetlana"]
[Result "1-0"]
[WhiteElo "2331"]
[BlackElo "2223"]
[PlyCount "111"]
[EventDate "2011.10.08"]

1. d4 Nf6 2. Nf3 e6 3. g3 c5 4. Bg2 Nc6 5. O-O cxd4 6. Nxd4 Qb6 7. Nb3 d5 8.
Be3 Qd8 9. c4 dxc4 10. Bxc6+ bxc6 11. Qxd8+ Kxd8 12. Na5 Bd7 13. Nxc4 Nd5 14.
Bd2 f6 15. Ba5+ Kc8 16. Nbd2 Kb7 17. Rfd1 Be8 18. Rac1 Bg6 19. Nb3 Rc8 20. Be1
c5 21. f3 Nb4 22. Nd6+ Bxd6 23. Rxd6 Kc7 24. Rxe6 Nxa2 25. Ra1 Rhe8 26. Rxe8
Rxe8 27. Rxa2 Rxe2 28. Bf2 c4 29. Nd4 Rd2 30. Rxa7+ Kb8 31. Rxg7 Bd3 32. g4 h6
33. Nb5 Kc8 34. Ra7 Kd8 35. Nc3 Ke8 36. Ra6 Kd7 37. Rb6 f5 38. Be3 Rc2 39. Bf4
fxg4 40. fxg4 h5 41. h3 hxg4 42. hxg4 Ke7 43. g5 Kd7 44. Be5 Bf5 45. Nd5 Re2
46. Rd6+ Ke8 47. Bf6 Kf7 48. Nb6 Rc2 49. Kf1 Bg4 50. Nd7 Bxd7 51. Rxd7+ Ke6 52.
Rg7 Kf5 53. Ke1 Ke4 54. Kd1 Rh2 55. Rg6 Kd3 56. Rh6 1-0

[Event "Superliga 2011 W"]
[Site "Brasov"]
[Date "2011.10.13"]
[Round "6.5"]
[White "Ionica, Iulia-Ionela"]
[Black "Chirita, Andra-Marina"]
[Result "1/2-1/2"]
[WhiteElo "2244"]
[BlackElo "2044"]
[PlyCount "63"]
[EventDate "2011.10.08"]

1. e4 d5 2. exd5 Qxd5 3. Nc3 Qd8 4. d4 Nf6 5. Bc4 a6 6. Nf3 b5 7. Bd3 Bb7 8.
Qe2 e6 9. Bg5 Be7 10. O-O O-O 11. Rad1 Nbd7 12. Ne5 Nb6 13. Rfe1 b4 14. Ne4
Nxe4 15. Bxe7 Qxe7 16. Bxe4 Bxe4 17. Qxe4 Nd5 18. Nd3 Rfd8 19. Nc5 a5 20. Rd3
Nf6 21. Qh4 Rd5 22. Ne4 Re8 23. Rh3 h6 24. c3 Nxe4 25. Qxe4 bxc3 26. bxc3 c5
27. Qxd5 exd5 28. Rxe7 Rxe7 29. Kf1 cxd4 30. cxd4 Rb7 31. Ra3 Rb5 32. Ke2
1/2-1/2

[Event "Superliga 2011 W"]
[Site "Brasov"]
[Date "2011.10.13"]
[Round "6.5"]
[White "Ilie, Maria-Ruxandra"]
[Black "Bratu, Andreea"]
[Result "1-0"]
[WhiteElo "2005"]
[BlackElo "1802"]
[PlyCount "73"]
[EventDate "2011.10.08"]

1. d4 d5 2. c4 e6 3. Nc3 c6 4. cxd5 exd5 5. Qc2 Ne7 6. e3 Bf5 7. Bd3 Bxd3 8.
Qxd3 Ng6 9. Nge2 Bd6 10. f3 Nh4 11. O-O Qc7 12. g3 Ng6 13. e4 dxe4 14. fxe4 O-O
15. e5 Be7 16. h4 Rd8 17. h5 Nf8 18. Qf3 Bb4 19. Bg5 Re8 20. Ne4 Ne6 21. Nf6+
gxf6 22. Bxf6 Nd7 23. Qg4+ Kf8 24. Nf4 Nxf6 25. Nxe6+ Rxe6 26. Rxf6 Qd7 27.
Raf1 Rxf6 28. Qxd7 Rxf1+ 29. Kxf1 b6 30. Qxc6 Rd8 31. d5 Ke7 32. Qf6+ Ke8 33.
e6 fxe6 34. dxe6 Rd1+ 35. Kg2 Re1 36. Qf7+ Kd8 37. Qd7# 1-0

[Event "Superliga 2011 W"]
[Site "Brasov/Romania"]
[Date "2011.10.14"]
[Round "7.1"]
[White "Petrenko, Svetlana"]
[Black "Tolgyi, Viorica"]
[Result "1-0"]
[WhiteElo "2223"]
[BlackElo "2060"]
[PlyCount "85"]
[EventDate "2011.??.??"]

1. e4 c6 2. d4 d5 3. e5 Bf5 4. Ne2 e6 5. Ng3 Bg6 6. c3 f5 7. exf6 Nxf6 8. Bd3
Bxd3 9. Qxd3 Be7 10. Qe2 Qd7 11. O-O O-O 12. Re1 Bd6 13. Qxe6+ Qxe6 14. Rxe6
Bxg3 15. fxg3 Nbd7 16. Bf4 Rae8 17. Rxe8 Rxe8 18. Nd2 c5 19. Rc1 h6 20. h4 Nh5
21. Bd6 cxd4 22. cxd4 Re2 23. Rc8+ Kh7 24. g4 Rxd2 25. gxh5 Rxd4 26. Rc7 Nf6
27. Rxb7 Nxh5 28. Rxa7 Rxh4 29. Ra5 Nf6 30. Be5 d4 31. Ra4 Re4 32. Bxf6 gxf6
33. Kf2 f5 34. Ra7+ Kg6 35. Rd7 Kg5 36. a4 d3 37. b3 Rf4+ 38. Kg1 Re4 39. Rxd3
Kg4 40. Rc3 h5 41. Rc4 Kg3 42. Rxe4 fxe4 43. Kf1 1-0

[Event "Superliga 2011 W"]
[Site "Brasov/Romania"]
[Date "2011.10.14"]
[Round "7.1"]
[White "Vintila, Maria-Aurora"]
[Black "Ionica, Iulia-Ionela"]
[Result "0-1"]
[WhiteElo "1781"]
[BlackElo "2244"]
[PlyCount "80"]
[EventDate "2011.??.??"]

1. e4 c5 2. Nf3 e6 3. d4 cxd4 4. Nxd4 Nf6 5. Nc3 d6 6. Be3 a6 7. Bd3 Be7 8. Qd2
Ng4 9. O-O Nxe3 10. Qxe3 Nc6 11. Nxc6 bxc6 12. e5 d5 13. Qg3 g6 14. Ne2 a5 15.
c4 Qc7 16. a3 Rb8 17. Rab1 Qa7 18. cxd5 cxd5 19. Qf4 O-O 20. Ng3 f6 21. Rfc1
fxe5 22. Qxe5 Qxf2+ 23. Kh1 Qf4 24. Qe2 Bf6 25. b4 axb4 26. axb4 e5 27. b5 e4
28. Bc2 Bg4 29. Qf1 Qe5 30. Qg1 Bh4 31. Qe3 Bg5 32. Qb3 Bxc1 33. Rxc1 Be6 34.
Re1 Rfc8 35. Bb1 Qc3 36. Qxc3 Rxc3 37. Nxe4 dxe4 38. Bxe4 Rxb5 39. h3 Re5 40.
Re2 Bc4 0-1

[Event "Superliga 2011 W"]
[Site "Brasov/Romania"]
[Date "2011.10.14"]
[Round "7.1"]
[White "Floroiu, Ioana-Alexandra"]
[Black "Mastacan, Camelia"]
[Result "1/2-1/2"]
[WhiteElo "1690"]
[BlackElo "1701"]
[PlyCount "86"]
[EventDate "2011.??.??"]

1. d4 g6 2. c4 Bg7 3. Nf3 d6 4. Nc3 Nd7 5. g3 e5 6. d5 Ne7 7. Bg2 a5 8. e4 O-O
9. O-O f5 10. Bg5 Nf6 11. Qe2 h6 12. Bxf6 Rxf6 13. a3 f4 14. h3 Qf8 15. Kh2 g5
16. g4 Qf7 17. c5 Ng6 18. b4 Bf8 19. cxd6 Rxd6 20. b5 Be7 21. Rfc1 Bf6 22. Na4
Nf8 23. Nb2 Rd7 24. Nc4 Qe8 25. d6 h5 26. dxc7 Rxc7 27. Nd6 Qd7 28. Nf5 Rxc1
29. Rxc1 hxg4 30. Nh6+ Kh7 31. Nxg4 Qe7 32. Nxf6+ Qxf6 33. Rc7+ Kg6 34. Qc4 Be6
35. Qc3 Nd7 36. Rxb7 g4 37. hxg4 Bxg4 38. Qc6 Qxc6 39. bxc6 Bxf3 40. Bxf3 Nc5
41. Re7 Kf6 42. Rh7 Kg6 43. Re7 Kf6 1/2-1/2

[Event "Superliga 2011 W"]
[Site "Brasov/Romania"]
[Date "2011.10.14"]
[Round "7.2"]
[White "Cramling, Pia"]
[Black "Chirita, Andra-Marina"]
[Result "1-0"]
[WhiteElo "2489"]
[BlackElo "2044"]
[Annotator "Robot 3"]
[PlyCount "39"]
[EventDate "2011.??.??"]

1. d4 e6 2. c4 Bb4+ 3. Nd2 f5 4. g3 Nf6 5. Bg2 O-O 6. Ngf3 d6 7. O-O Bxd2 8.
Bxd2 Ne4 9. Be3 Nd7 10. Qb3 Qe7 11. Rac1 Kh8 12. c5 dxc5 13. dxc5 Ndxc5 14.
Bxc5 Nxc5 15. Qa3 b6 16. Ne5 Bd7 17. Bxa8 Rxa8 18. b4 Ne4 19. Rxc7 Nf6 20. Rd1
1-0

[Event "Superliga 2011 W"]
[Site "Brasov/Romania"]
[Date "2011.10.14"]
[Round "7.2"]
[White "Ilie, Maria-Ruxandra"]
[Black "Foisor, Cristina-Adela"]
[Result "0-1"]
[WhiteElo "2005"]
[BlackElo "2416"]
[Annotator "Robot 3"]
[PlyCount "56"]
[EventDate "2011.??.??"]

1. d4 g6 2. c4 Bg7 3. Nc3 c5 4. d5 d6 5. e4 a6 6. Be2 e6 7. a4 Ne7 8. f4 O-O 9.
Nf3 exd5 10. cxd5 Bg4 11. Nd2 Bxe2 12. Qxe2 Re8 13. Qd3 Nf5 14. Ne2 Nd4 15. O-O
Nd7 16. Nc3 b5 17. axb5 axb5 18. Rxa8 Qxa8 19. Kh1 c4 20. Qh3 Nc5 21. Qe3 b4
22. Nd1 Qa6 23. Nf2 c3 24. bxc3 Nc2 25. Qf3 bxc3 26. Rd1 cxd2 27. Bxd2 Nd4 28.
Qe3 Qe2 0-1

[Event "Superliga 2011 W"]
[Site "Brasov/Romania"]
[Date "2011.10.14"]
[Round "7.2"]
[White "Uta, Adeline-Ramona"]
[Black "Serbanescu, Diana-Maria"]
[Result "1/2-1/2"]
[WhiteElo "2085"]
[BlackElo "1869"]
[Annotator "Robot 3"]
[PlyCount "79"]
[EventDate "2011.??.??"]

1. e4 e5 2. Nf3 Nc6 3. Bb5 a6 4. Bxc6 dxc6 5. O-O Bd6 6. d4 Bg4 7. dxe5 Bxf3 8.
Qxf3 Bxe5 9. Qb3 b5 10. Nd2 Nf6 11. Nf3 Qe7 12. Bg5 O-O 13. Rad1 h6 14. Bh4 a5
15. Qe3 Qe6 16. Nxe5 Qxe5 17. Bxf6 Qxf6 18. e5 Qe7 19. Rfe1 Rfd8 20. a3 Rd5 21.
e6 Qxe6 22. Qxe6 fxe6 23. Rxd5 exd5 24. Re6 Ra6 25. Re7 Ra7 26. f3 a4 27. Kf2
Rb7 28. c3 c5 29. Rd7 d4 30. cxd4 cxd4 31. Rxd4 c5 32. Rd5 Rc7 33. Rd8+ Kf7 34.
Rb8 c4 35. Rxb5 c3 36. bxc3 Rxc3 37. Ra5 Rxa3 38. Ra6 Ra2+ 39. Kg3 Ke7 40. h4
1/2-1/2

[Event "Superliga 2011 W"]
[Site "Brasov/Romania"]
[Date "2011.10.14"]
[Round "7.3"]
[White "Baciu, Anca-Otilia"]
[Black "Muzychuk, Anna"]
[Result "0-1"]
[WhiteElo "2130"]
[BlackElo "2545"]
[PlyCount "72"]
[EventDate "2011.??.??"]

1. e4 c5 2. Nf3 a6 3. c4 e6 4. d4 cxd4 5. Nxd4 Nf6 6. Nc3 Bb4 7. Bd3 Nc6 8.
Nxc6 dxc6 9. O-O e5 10. Bg5 h6 11. Bh4 Bc5 12. Na4 Bd4 13. Bxf6 Qxf6 14. c5 Be6
15. Qc2 Rd8 16. Rac1 h5 17. Bc4 h4 18. Bxe6 Qxe6 19. Qb3 Qxb3 20. axb3 h3 21.
g3 O-O 22. b4 f5 23. exf5 Rxf5 24. Nc3 Rf3 25. Rc2 Rdf8 26. Re2 g6 27. Rc2 Kg7
28. Ne4 Rb3 29. Ng5 Rf5 30. Nxh3 Rxb4 31. Kg2 Bxb2 32. f3 Bd4 33. Nf2 Rf8 34.
Ne4 a5 35. Ra2 a4 36. h3 Bb2 0-1

[Event "Superliga 2011 W"]
[Site "Brasov/Romania"]
[Date "2011.10.14"]
[Round "7.3"]
[White "Dumitrescu, Madalina-Alexandra"]
[Black "Anusca, Madalina-Maria"]
[Result "0-1"]
[WhiteElo "1660"]
[BlackElo "2070"]
[PlyCount "112"]
[EventDate "2011.??.??"]

1. e4 c5 2. Nf3 Nc6 3. d4 cxd4 4. Nxd4 g6 5. Nc3 Bg7 6. Be3 Nf6 7. Bc4 Qa5 8.
f3 Qb4 9. Bb3 Nxe4 10. Nxc6 Bxc3+ 11. bxc3 Qxc3+ 12. Ke2 dxc6 13. Bd4 e5 14.
Bxc3 Nxc3+ 15. Kf2 Nxd1+ 16. Raxd1 O-O 17. Rhe1 Re8 18. g4 Kg7 19. Kg3 a5 20.
a4 Be6 21. Rxe5 Bxb3 22. Rxe8 Rxe8 23. cxb3 Re3 24. Rb1 b5 25. b4 axb4 26. Rxb4
bxa4 27. Rxa4 Kf6 28. Rc4 Re6 29. f4 Rd6 30. Kf3 Ke7 31. Ke4 Re6+ 32. Kf3 Kd6
33. h3 Kd5 34. Rc1 Re7 35. Rd1+ Ke6 36. Re1+ Kd7 37. Rd1+ Kc7 38. Rc1 Rd7 39.
Ke4 Rd5 40. Rc3 Kd6 41. Rc2 c5 42. Rc3 Rd4+ 43. Ke3 Kd5 44. Ra3 Re4+ 45. Kf3
Re7 46. h4 c4 47. f5 gxf5 48. gxf5 h5 49. f6 Re6 50. Ra5+ Kd4 51. Rxh5 Rxf6+
52. Ke2 c3 53. Rg5 c2 54. Rg1 Kc3 55. h5 Kb2 56. Kd2 Rd6+ 0-1

[Event "Superliga 2011 W"]
[Site "Brasov/Romania"]
[Date "2011.10.14"]
[Round "7.4"]
[White "Jicman, Ligia-Letitia"]
[Black "L'ami, Alina"]
[Result "0-1"]
[WhiteElo "2187"]
[BlackElo "2368"]
[PlyCount "70"]
[EventDate "2011.??.??"]

1. e4 c5 2. c3 Nf6 3. e5 Nd5 4. d4 cxd4 5. Nf3 Nc6 6. cxd4 d6 7. Bc4 dxe5 8.
Nxe5 e6 9. O-O Be7 10. Nxc6 bxc6 11. Nc3 Nb6 12. Bb3 O-O 13. Be3 Ba6 14. Re1
Nd5 15. Ne4 Nb4 16. Qg4 Kh8 17. Ng5 h6 18. Nf3 Nd3 19. Reb1 f5 20. Qh3 f4 21.
Bd2 e5 22. Bc3 exd4 23. Nxd4 Bf6 24. Ne6 Qb6 25. Nxg7 Kxg7 26. Qg4+ Kh8 27. Qg6
Qxf2+ 28. Kh1 Qh4 29. Bc2 Rad8 30. Rd1 Bxc3 31. bxc3 Rg8 32. Qxc6 Nf2+ 33. Kg1
Nxd1 34. g3 fxg3 35. h3 Qf4 0-1

[Event "Superliga 2011 W"]
[Site "Brasov/Romania"]
[Date "2011.10.14"]
[Round "7.4"]
[White "Bulmaga, Irina"]
[Black "Craciun, Paula-Iulia"]
[Result "1-0"]
[WhiteElo "2304"]
[BlackElo "2138"]
[PlyCount "25"]
[EventDate "2011.??.??"]

1. e4 c5 2. Nf3 g6 3. c3 Bg7 4. d4 Qc7 5. Na3 a6 6. dxc5 Qxc5 7. Nc4 Bh6 8. b4
Qc7 9. Qd4 f6 10. Bxh6 Nxh6 11. Nb6 Nc6 12. Nxa8 Qb8 13. Qd2 1-0

[Event "Superliga 2011 W"]
[Site "Brasov/Romania"]
[Date "2011.10.14"]
[Round "7.4"]
[White "Lolici, Iselin-Amanda"]
[Black "Padurariu, Ioana-Smaranda"]
[Result "0-1"]
[WhiteElo "1982"]
[BlackElo "2211"]
[PlyCount "108"]
[EventDate "2011.??.??"]

1. c4 Nf6 2. g3 e6 3. Bg2 d5 4. Nf3 Be7 5. O-O O-O 6. d4 dxc4 7. Ne5 Nc6 8.
Bxc6 bxc6 9. Nxc6 Qe8 10. Nxe7+ Qxe7 11. Qa4 e5 12. dxe5 Qxe5 13. Qxc4 Be6 14.
Qc2 Bf5 15. Qd2 Rfe8 16. Nc3 Ne4 17. Nxe4 Qxe4 18. Re1 Bh3 19. f3 Qc6 20. Qc3
Qb6+ 21. e3 Rad8 22. b3 Qg6 23. e4 Rd7 24. Be3 Red8 25. Rac1 h5 26. Qc6 Rd6 27.
Qxc7 Qf6 28. f4 Qe6 29. Qc4 Qd7 30. Qc7 Qg4 31. Qc2 Rd3 32. Qe2 Qe6 33. Rc4 Bg4
34. Qf2 Rd1 35. Rd4 R8xd4 36. Bxd4 Rxe1+ 37. Qxe1 Bf3 38. f5 Qc6 39. e5 Qc2 40.
Bf2 Qxf5 41. Bxa7 Bd5 42. Qe2 Bf3 43. Qf1 h4 44. Qf2 h3 45. Qe1 Bd5 46. Qc1 Kh7
47. Qf1 Qg4 48. a4 Kg8 49. Qd3 Qe6 50. Qd4 f6 51. b4 fxe5 52. Qb6 Qd7 53. a5
Bc4 54. Qe3 Qd1+ 0-1

[Event "Superliga 2011 W"]
[Site "Brasov/Romania"]
[Date "2011.10.14"]
[Round "7.5"]
[White "Sandu, Mihaela"]
[Black "Melia, Salome"]
[Result "1/2-1/2"]
[WhiteElo "2221"]
[BlackElo "2396"]
[PlyCount "85"]
[EventDate "2011.??.??"]

1. e4 c6 2. c4 d5 3. exd5 cxd5 4. cxd5 Nf6 5. Nc3 Nxd5 6. Nf3 Nxc3 7. bxc3 g6
8. d4 Bg7 9. Bd3 O-O 10. O-O Nc6 11. Re1 b6 12. Bg5 Re8 13. Qd2 Bb7 14. Qf4 Qd7
15. Rad1 Rac8 16. Bh6 Bh8 17. d5 Nd8 18. c4 b5 19. Ne5 Bxe5 20. Qxe5 f6 21. Qg3
Kh8 22. Qh4 Kg8 23. Re3 bxc4 24. Bxc4 Qa4 25. Rc1 Ba6 26. Rec3 Nf7 27. Bd2 Rxc4
28. Rxc4 Bxc4 29. Qxc4 Qxc4 30. Rxc4 Rd8 31. Rc5 e6 32. dxe6 Rxd2 33. exf7+
Kxf7 34. Rc7+ Kg8 35. g3 Rxa2 36. h4 a5 37. Kg2 a4 38. Ra7 a3 39. Kf3 Ra1 40.
Kg2 a2 41. Kf3 h5 42. Kg2 Kf8 43. Ra8+ 1/2-1/2

[Event "Superliga 2011 W"]
[Site "Brasov/Romania"]
[Date "2011.10.14"]
[Round "7.5"]
[White "Plass, Mariana-Camelia"]
[Black "Moldovan, Corina"]
[Result "0-1"]
[WhiteElo "2151"]
[BlackElo "2232"]
[PlyCount "82"]
[EventDate "2011.??.??"]

1. g3 d5 2. Nf3 Nf6 3. Bg2 e6 4. d4 Be7 5. O-O O-O 6. c4 dxc4 7. Ne5 Nc6 8.
Nxc6 bxc6 9. Bxc6 Rb8 10. Nc3 Nd5 11. e4 Nb4 12. Bb5 Nd3 13. Be3 Bb4 14. Rb1
Nxb2 15. Rxb2 Bxc3 16. Rb1 a6 17. Bxc4 Rxb1 18. Qxb1 Bxd4 19. Rd1 e5 20. Qd3 c5
21. Bxa6 Bxa6 22. Qxa6 Qa8 23. Qxa8 Rxa8 24. Rd2 Kf8 25. Rc2 Ra5 26. Kf1 Ke7
27. Ke2 Kd6 28. f4 f6 29. Bc1 Ra4 30. Kd3 Kc6 31. f5 Bg1 32. Re2 c4+ 33. Kc3
Bd4+ 34. Kc2 Rxa2+ 35. Kd1 Ra1 36. Rc2 Be3 37. Rxc4+ Kb5 38. Rc7 Rxc1+ 39. Rxc1
Bxc1 40. Kxc1 Kc4 41. Kd2 Kd4 0-1

[Event "Superliga 2011 W"]
[Site "Brasov/Romania"]
[Date "2011.10.14"]
[Round "7.5"]
[White "Visanescu, Daria-Ioana"]
[Black "Taposu-Matei, Alexandra"]
[Result "1-0"]
[WhiteElo "2010"]
[BlackElo "1788"]
[PlyCount "75"]
[EventDate "2011.??.??"]

1. e4 c5 2. Nf3 d6 3. d4 cxd4 4. Nxd4 Nf6 5. Nc3 a6 6. Bg5 e6 7. Qd3 Be7 8. f4
b5 9. Be2 Bb7 10. O-O-O b4 11. Bxf6 Bxf6 12. Na4 O-O 13. Bf3 Nc6 14. e5 Qa5 15.
b3 Nxe5 16. fxe5 Bxf3 17. Nxf3 dxe5 18. Qe4 Rac8 19. Rd7 Rfd8 20. Rxd8+ Rxd8
21. Rd1 Rc8 22. Kb1 Qb5 23. Nb2 Qc5 24. Nc4 a5 25. Nfxe5 Bxe5 26. Qxe5 Qc6 27.
Qxa5 h6 28. Rd8+ Rxd8 29. Qxd8+ Kh7 30. Qd3+ Kg8 31. Qg3 Qc5 32. Qe3 Qd5 33.
Qd2 Qc5 34. Kb2 Kh8 35. c3 bxc3+ 36. Kxc3 Qf5 37. Qd8+ Kh7 38. Qd3 1-0

[Event "Superliga 2011 W"]
[Site "Brasov/Rumania"]
[Date "2011.10.15"]
[Round "8.1"]
[White "Tolgyi, Viorica"]
[Black "Melia, Salome"]
[Result "0-1"]
[WhiteElo "2060"]
[BlackElo "2396"]
[PlyCount "54"]
[EventDate "2011.??.??"]

1. d4 c5 2. Nf3 cxd4 3. Nxd4 d5 4. e3 e5 5. Bb5+ Bd7 6. Bxd7+ Qxd7 7. Nf3 Nc6
8. O-O Nf6 9. b3 Bd6 10. Ba3 Bc7 11. c4 e4 12. Nd4 dxc4 13. bxc4 O-O-O 14. Nc3
Nxd4 15. exd4 Qxd4 16. Qxd4 Rxd4 17. Nb5 Rd2 18. Nxa7+ Kb8 19. Nb5 Be5 20. Bb4
Rd3 21. Rab1 Rc8 22. Rfd1 Rxc4 23. Rxd3 exd3 24. Kf1 Nd5 25. Bd6+ Bxd6 26. Nxd6
Rc2 27. Nxb7 Nc3 0-1

[Event "Superliga 2011 W"]
[Site "Brasov/Rumania"]
[Date "2011.10.15"]
[Round "8.1"]
[White "Plass, Mariana-Camelia"]
[Black "Vintila, Maria-Aurora"]
[Result "1/2-1/2"]
[WhiteElo "2151"]
[BlackElo "1781"]
[PlyCount "53"]
[EventDate "2011.??.??"]

1. d4 g6 2. c4 Bg7 3. e4 c5 4. d5 d6 5. Bd3 Nd7 6. Nf3 Ne5 7. Nxe5 Bxe5 8. O-O
Bg7 9. Qc2 Nh6 10. Bd2 O-O 11. Bc3 f5 12. Bxg7 Kxg7 13. Qc3+ Kg8 14. e5 e6 15.
f4 Nf7 16. Re1 Re8 17. dxe6 Bxe6 18. Nd2 dxe5 19. fxe5 Qd7 20. Nf3 Rad8 21.
Rad1 Qa4 22. b3 Qa6 23. a4 b6 24. Bc2 Qb7 25. Qe3 Qe7 26. h4 Kg7 27. Qf4
1/2-1/2

[Event "Superliga 2011 W"]
[Site "Brasov/Rumania"]
[Date "2011.10.15"]
[Round "8.1"]
[White "Mastacan, Camelia"]
[Black "Taposu-Matei, Alexandra"]
[Result "1/2-1/2"]
[WhiteElo "1701"]
[BlackElo "1788"]
[PlyCount "47"]
[EventDate "2011.??.??"]

1. d4 Nf6 2. c4 e6 3. Nc3 c5 4. e3 b6 5. d5 exd5 6. Nxd5 Bb7 7. Be2 Nxd5 8.
cxd5 d6 9. e4 Nd7 10. Nf3 Be7 11. O-O O-O 12. Bd2 Bf6 13. Bc3 a6 14. a4 Re8 15.
Nd2 g6 16. Rb1 Bg7 17. Bxg7 Kxg7 18. b4 Rb8 19. bxc5 bxc5 20. f3 a5 21. Bb5 Qc7
22. Nc4 Rbd8 23. Qd2 Ra8 24. Qf4 1/2-1/2

[Event "Superliga 2011 W"]
[Site "Brasov/Rumania"]
[Date "2011.10.15"]
[Round "8.2"]
[White "L'Ami, Alina"]
[Black "Sandu, Mihaela"]
[Result "1-0"]
[WhiteElo "2368"]
[BlackElo "2221"]
[Annotator "Robot 4"]
[PlyCount "147"]
[EventDate "2011.??.??"]
[TimeControl "40/5400+30:1800+30"]

1. d4 Nf6 2. c4 g6 3. Nc3 Bg7 4. e4 d6 5. h3 O-O 6. Bd3 e5 7. d5 Na6 8. Bg5 c6
9. Nge2 cxd5 10. cxd5 Nc5 11. Bc2 a5 12. O-O Bd7 13. a3 a4 14. Kh1 Qe7 15. Qd2
Rfc8 16. Rae1 Be8 17. Ng3 b5 18. Be3 Nfd7 19. Nxb5 Nb6 20. Qe2 Rab8 21. Nc3 Nb3
22. Bxb3 axb3 23. Bxb6 Rxb6 24. Qe3 Rb7 25. Nge2 Qh4 26. a4 Bh6 27. Qd3 Qd8 28.
Ra1 Rc5 29. Ra3 Rb4 30. Rfa1 Qa5 31. Qd1 f5 32. f3 fxe4 33. fxe4 Rc8 34. Rxb3
Rcb8 35. Rxb4 Qxb4 36. a5 Ra8 37. a6 Be3 38. Qd3 Bc5 39. Qf3 Ra7 40. Qg4 Rf7
41. Qc8 Kf8 42. Kh2 Ba7 43. Qd8 Bb6 44. Qg5 Ba7 45. Qd8 Bb6 46. Qa8 Ba7 47. Qc8
Qb6 48. b4 Rf2 49. Qg4 h5 50. Qg5 Kg7 51. b5 Bf7 52. Kh1 Qc5 53. Rb1 Bb6 54.
Rc1 Ba7 55. Kh2 Qb6 56. Qg3 Be8 57. Qd3 h4 58. Ng1 Bd7 59. Rb1 Qd8 60. Nf3 Bxh3
61. Kxh3 Qd7+ 62. g4 Qf7 63. Nxh4 g5 64. Nf5+ Kg6 65. Ng3 Qh7+ 66. Nh5 Qf7 67.
Kg3 Rf4 68. b6 Bxb6 69. Rxb6 Rf1 70. Rxd6+ Kh7 71. Nf6+ Rxf6 72. Rxf6 Qxf6 73.
a7 Qf4+ 74. Kh3 1-0

[Event "Superliga 2011 W"]
[Site "Brasov/Rumania"]
[Date "2011.10.15"]
[Round "8.2"]
[White "Moldovan, Corina"]
[Black "Bulmaga, Irina"]
[Result "1/2-1/2"]
[WhiteElo "2232"]
[BlackElo "2304"]
[Annotator "Robot 4"]
[PlyCount "94"]
[EventDate "2011.??.??"]
[TimeControl "40/5400+30:1800+30"]

1. e4 c5 2. c3 Nf6 3. e5 Nd5 4. g3 d6 5. exd6 Qxd6 6. Bg2 Nc6 7. Ne2 Bf5 8. d4
cxd4 9. Nxd4 Qe5+ 10. Qe2 Qxe2+ 11. Nxe2 O-O-O 12. Nd2 e5 13. Nc4 Bd3 14. Ne3
Nb6 15. g4 h5 16. h3 h4 17. Bd2 Na4 18. b4 Nb6 19. Nc1 Bb5 20. Be4 g6 21. Bc2
Ne7 22. a4 Bc6 23. Rg1 Ned5 24. Nxd5 Nxd5 25. Ne2 Nf4 26. Nxf4 exf4 27. O-O-O
Bg7 28. Bxf4 Bxc3 29. Rxd8+ Rxd8 30. b5 Bf3 31. Bg5 Rd4 32. Bxh4 f5 33. Bf6
Bd2+ 34. Kb2 Rb4+ 35. Ka3 fxg4 36. h4 Be4 37. Rxg4 Bxc2 38. Rxb4 Bxb4+ 39. Kxb4
Kd7 40. a5 a6 41. b6 Be4 42. Kc5 Ke6 43. Kd4 Bc6 44. Be5 Kf5 45. Bg3 Bf3 46.
Kc5 Be4 47. Kd6 Bc6 1/2-1/2